LEADER 00679nam0-22002651i-450- 001 990003630970403321 005 20001010 035 $a000363097 035 $aFED01000363097 035 $a(Aleph)000363097FED01 035 $a000363097 100 $a20000920d1937----km-y0itay50------ba 101 0 $aita 105 $ay-------001yy 200 1 $aEpistalario$fCarlo Pisacane 210 $aMilano$cs.e.$d1937 . 700 1$aPisacane,$bCarlo$f<1818-1857>$0137227 801 0$aIT$bUNINA$gRICA$2UNIMARC 901 $aBK 912 $a990003630970403321 952 $aSE 045.04.05-$b010977$fDECSE 959 $aDECSE 996 $aEpistalario$9502894 997 $aUNINA DB $aING01